[Event "Mechanics' Peter Grey TNM; G/2 d5"]
[Site "San Francisco"]
[Date "2017.09.05"]
[Round "5.14"]
[White "Argo, Guy"]
[Black "Erickson"]
[Result "1-0"]
[WhiteElo "1969"]
[BlackElo "1689"]
[PlyCount "33"]
[EventDate "2017.??.??"]

1. e4 d6 2. f4 c5 3. Nc3 a6 4. Nf3 Nc6 5. Be2 Bg4 6. O-O Nf6 7. d3 e6 8. Be3
Be7 9. Qe1 Bxf3 10. Bxf3 Qb6 11. b3 Nd7 12. Na4 Qa7 13. c3 Bf6 14. Rd1 b5 15.
e5 d5 16. Nxc5 Nxc5 17. exf6 1-0

[Event "Mechanics' Summer TNM; G/2 d5"]
[Site "San Francisco"]
[Date "2017.06.20"]
[Round "5.15"]
[White "Argo, Guy"]
[Black "Erickson, Lane"]
[Result "1/2-1/2"]
[WhiteElo "1988"]
[BlackElo "1681"]
[Annotator "Winslow,E"]
[PlyCount "75"]
[EventDate "2017.??.??"]

1. e4 d5 2. exd5 Qxd5 3. Nc3 Qd6 4. d4 Nf6 5. Bc4 a6 6. Nge2 b5 7. Bf4 Qd7 8.
Bb3 Bb7 9. f3 c5 10. dxc5 Qxd1+ 11. Rxd1 Nbd7 12. c6 Bxc6 13. Nd4 Bb7 14. Nf5
g6 15. Nh6 e6 16. O-O Nc5 17. Be5 Bxh6 18. Bxf6 O-O 19. Kf2 Rfe8 20. a3 Bf8 21.
Ba2 Be7 22. Be5 Red8 23. b4 Rdc8 $6 (23... Na4) 24. bxc5 (24. Kg3 $1) 24...
Bxc5+ 25. Kg3 Bxa3 26. Rd7 Bc6 27. Rc7 Bb2 28. Rxc8+ Rxc8 29. Bf6 $2 (29. Rb1
$16) 29... b4 $6 (29... Bb7 $1 30. Ne4 Bxf6 31. Nxf6+ Kg7 32. Ng4 Rxc2) 30. Ne4
Bxf6 31. Nxf6+ Kg7 32. Ng4 Ba4 (32... Bb5) (32... f5) 33. Ne3 Bb5 $2 (33... Rc3
34. Kf2 f5) 34. Ra1 $2 (34. Rb1) (34. Rd1) 34... Rc3 35. Kf2 $2 (35. Re1 $1)
35... Ra3 $15 36. Rb1 $2 Rxa2 37. Rxb4 Bd3 $19 38. Rb7 {
Here the scoresheet goes "38...Ra5 39.f4 Ra3 40.Kh4 h6 41.Ne" and "1/2-1/2".}
1/2-1/2

[Event "Mechanics' Summer TNM; G/2 d5"]
[Site "San Francisco"]
[Date "2017.05.23"]
[Round "1.20"]
[White "Argo, Guy"]
[Black "Harris, Clarence"]
[Result "1-0"]
[WhiteElo "1988"]
[BlackElo "1411"]
[PlyCount "41"]
[EventDate "2017.??.??"]

1. e4 e5 2. f4 d5 3. exd5 c6 4. Nc3 cxd5 5. fxe5 Nc6 6. Nf3 Bg4 7. Bb5 a6 8.
Bxc6+ bxc6 9. O-O d4 10. Ne4 Qd5 11. d3 Ne7 12. Nd6+ Kd7 13. c4 dxc3 14. bxc3
Bxf3 15. Qxf3 Qxe5 16. Nc4 Qb5 17. Bf4 Nd5 18. Rab1 Qc5+ 19. Kh1 Nxf4 20. Qxf4
Qa7 21. Ne5+ 1-0

[Event "Mechanics' Winter TNM; G/2"]
[Site "San Francisco"]
[Date "2017.02.21"]
[Round "8.12"]
[White "Argo, Guy"]
[Black "Kuczek, Kevin W"]
[Result "1/2-1/2"]
[WhiteElo "1974"]
[BlackElo "1799"]
[PlyCount "53"]
[EventDate "2017.??.??"]

1. e4 e5 2. f4 exf4 3. Bc4 Qh4+ 4. Kf1 g5 5. d4 Bg7 6. Nc3 c6 7. Nf3 Qh5 8. e5
g4 9. Ne1 Ne7 10. Bxf4 Ng6 11. Bg3 O-O 12. h3 Qf5+ 13. Kg1 d5 14. exd6 gxh3 15.
Rxh3 Qf6 16. Nf3 Bxh3 17. gxh3 Nd7 18. Ne4 Qf5 19. Nf2 Rae8 20. Bd3 Qh5 21. Kg2
f5 22. Ne5 Qxd1 23. Bc4+ Kh8 24. Nxg6+ hxg6 25. Rxd1 b5 26. d5 f4 27. Bh4
1/2-1/2

[Event "Mechanics' Spring TNM; G/2"]
[Site "San Francisco"]
[Date "2017.03.28"]
[Round "3.14"]
[White "Argo, Guy"]
[Black "Lesquillier, Walter"]
[Result "1-0"]
[WhiteElo "1974"]
[BlackElo "1720"]
[PlyCount "47"]
[EventDate "2017.??.??"]

1. e4 Nf6 2. Nc3 e5 3. f4 d5 4. fxe5 Nxe4 5. d3 Nxc3 6. bxc3 d4 7. Nf3 dxc3 8.
d4 Be7 9. Bc4 O-O 10. Qd3 Nd7 11. h4 Nb6 12. Ng5 g6 13. Nxf7 Bxh4+ 14. g3 Rxf7
15. Bxf7+ Kxf7 16. Rxh4 Bf5 17. Qxc3 Nd5 18. Qd2 h5 19. c4 Nb6 20. d5 Qe7 21.
Bb2 Kg7 22. e6+ Kh7 23. O-O-O c6 24. Rdh1 1-0

[Event "Mechanics' Winter TNM; G/2"]
[Site "San Francisco"]
[Date "2017.01.03"]
[Round "1.17"]
[White "Argo, Guy"]
[Black "Maser, Thomas"]
[Result "1-0"]
[WhiteElo "1974"]
[BlackElo "1959"]
[Annotator "Donaldson"]
[PlyCount "53"]
[EventDate "2017.??.??"]

1. e4 e5 2. f4 exf4 3. Bc4 h6 4. d4 g5 5. h4 Bg7 6. hxg5 Qxg5 7. Nf3 Qg3+ 8.
Kf1 d5 9. Bxd5 Nf6 10. Nc3 c6 {Diagram [#]} 11. Bxf7+ $1 Kxf7 12. Ne2 Nxe4 (
12... Qg4 13. Ne5+) (12... Qg6 13. Ne5+) 13. Nxg3 Nxg3+ 14. Kg1 Nxh1 15. Bxf4
Nd7 16. Qd3 Rf8 17. Bd6 Ng3 18. Qc4+ Kg6 19. Nh4+ Kh7 20. Bxf8 Nxf8 21. Qd3+
Kh8 22. Re1 Nh5 23. Re8 Nf6 24. Ng6+ Kg8 25. Qc4+ Nd5 26. Ne7+ Kf7 27. Rxc8 1-0

[Event "Mechanics' Summer TNM; G/2 d5"]
[Site "San Francisco"]
[Date "2017.06.27"]
[Round "6.14"]
[White "Argo, Guy"]
[Black "Melville, Cailen"]
[Result "1-0"]
[WhiteElo "1988"]
[BlackElo "1727"]
[PlyCount "39"]
[EventDate "2017.??.??"]

1. e4 e6 2. b3 d5 3. Bb2 dxe4 4. Nc3 b6 5. Nxe4 Bb7 6. Ng3 Nf6 7. Nf3 Nbd7 8.
Bc4 Bd6 9. Qe2 Qe7 10. O-O Nc5 11. Ne5 Nd5 12. Bb5+ Kf8 13. f4 Bxe5 14. Qxe5 f6
15. Qe2 a6 16. Bc4 b5 17. Bxd5 exd5 18. Qxe7+ Kxe7 19. Ba3 Kd6 20. d4 1-0

[Event "Mechanics' Peter Grey TNM; G/2 d5"]
[Site "San Francisco"]
[Date "2017.09.19"]
[Round "7.15"]
[White "Argo, Guy"]
[Black "Melville, Cailen"]
[Result "1-0"]
[WhiteElo "1969"]
[BlackElo "1772"]
[Annotator "Donaldson"]
[PlyCount "85"]
[EventDate "2017.??.??"]

1. e4 e6 2. d4 d5 3. Nc3 dxe4 4. Nxe4 b6 5. Be3 (5. Nf3 Bb7 6. Bb5+ $1) 5...
Bb7 6. Bd3 $6 (6. Nc3) 6... f5 7. Ng5 Bxg2 8. Nxe6 Qe7 9. Bxf5 g6 10. Bg4 Bxh1
11. Bg5 Qf7 $2 {Diagram [#]} (11... Nf6) 12. Qe2 $1 Be7 13. Nxc7+ Kf8 14. Bxe7+
(14. Ne6+ Ke8 15. Nf3 $1 {followed by 0-0-0 looks difficult for Black with his
king trapped in the center.} Nd7 16. O-O-O Bxf3 17. Bxf3 Rc8 18. Re1 {
with d4-d5-d6 to follow.} Ngf6 19. Qa6 Rb8 20. Qxa7 Rc8 21. Bc6 {
with Qb7 to follow.}) 14... Qxe7 15. Qxe7+ Kxe7 16. Bf3 Bxf3 17. Nxf3 Nf6 18.
Nxa8 Na6 19. Nxb6 axb6 20. Kd2 Ng4 21. Re1+ Kf6 22. Re2 Rd8 23. h3 Nh6 24. c4
Nf5 25. Kc3 Nc7 26. Rd2 Ne6 27. b4 Ng5 28. Nxg5 Kxg5 29. c5 b5 30. d5 Kf4 31.
d6 Ke4 32. d7 Ke5 33. c6 Nd6 34. f4+ Ke6 35. Kd4 Nc4 36. Re2+ Kd6 37. Re8 Kc7
38. Kc5 h5 39. Rxd8 Kxd8 40. Kxb5 Nd6+ 41. Kb6 Nc4+ 42. Kc5 Nb2 43. Kd6 1-0

[Event "Mechanics' Winter TNM; G/2"]
[Site "San Francisco"]
[Date "2017.01.24"]
[Round "4.16"]
[White "Argo, Guy"]
[Black "Newey, Richard"]
[Result "1-0"]
[WhiteElo "1974"]
[BlackElo "1721"]
[PlyCount "65"]
[EventDate "2017.??.??"]

1. e4 c5 2. Nc3 Nc6 3. f4 g6 4. Nf3 Bg7 5. Bb5 a6 6. Bxc6 bxc6 7. d3 d5 8. O-O
Bg4 9. Qe1 a5 10. Ne5 Nf6 11. Nxc6 Qd6 12. exd5 O-O 13. Qxe7 Qxe7 14. Nxe7+ Kh8
15. Be3 Nd7 16. h3 Rfe8 17. d6 Be6 18. g4 Rab8 19. f5 Rxb2 20. fxe6 fxe6 21.
Ne4 Rxc2 22. Rac1 Rxa2 23. Ng5 Bf6 24. Rxf6 Nxf6 25. Bxc5 Rb8 26. Bd4 Kg7 27.
Rf1 Rbb2 28. Bxf6+ Kf8 29. Bxb2+ Ke8 30. Be5 Rd2 31. Nxh7 Kd7 32. Nf6+ Kd8 33.
Rc1 1-0

[Event "Mechanics' Fall TNM; G/2 d5"]
[Site "San Francisco"]
[Date "2017.12.12"]
[Round "8.10"]
[White "Argo, Guy"]
[Black "Pane, Gianluca"]
[Result "1-0"]
[WhiteElo "1946"]
[BlackElo "1791"]
[PlyCount "101"]
[EventDate "2017.??.??"]

1. e4 b6 2. d4 Bb7 3. Bd3 e6 4. f4 f5 5. Qe2 fxe4 6. Bxe4 Bxe4 7. Qxe4 Nc6 8.
Nf3 Nf6 9. Qe2 Be7 10. O-O O-O 11. c4 Qe8 12. Nc3 Nh5 (12... Qh5) 13. Qe4 Nf6
14. Qe2 Nh5 15. g3 Bf6 16. Be3 g6 17. Rae1 Bh8 18. Nb5 Rc8 19. d5 exd5 20. cxd5
Ne7 21. d6 Nf5 22. Qc4+ Qf7 23. Qxf7+ Rxf7 24. Nxa7 Nxd6 25. Nxc8 Nxc8 26. Bd4
Bxd4+ 27. Nxd4 Ne7 28. Nb5 Nd5 29. Re5 Nhf6 30. Rd1 d6 31. Rexd5 Nxd5 32. Rxd5
c6 33. Rxd6 cxb5 34. Rxb6 Rf5 35. Kg2 Kf7 36. Kf3 Ke7 37. g4 Rc5 38. g5 Kd7 39.
Rb7+ Ke6 40. Rxh7 Rc2 41. h4 Rxb2 42. Ra7 b4 43. Rg7 Rxa2 44. Rxg6+ Kd5 45. h5
Kc5 46. Rg8 b3 47. Rc8+ Kb4 48. g6 Ra6 49. g7 b2 50. Rb8+ Kc3 51. g8=Q 1-0

[Event "Mechanics' Peter Grey TNM; G/2 d5"]
[Site "San Francisco"]
[Date "2017.08.22"]
[Round "3.20"]
[White "Argo, Guy"]
[Black "Ricard, Bruce"]
[Result "1/2-1/2"]
[WhiteElo "1969"]
[BlackElo "1593"]
[PlyCount "94"]
[EventDate "2017.??.??"]

1. e4 c6 2. c4 d5 3. cxd5 cxd5 4. exd5 Nf6 5. Qa4+ Nbd7 6. Nc3 g6 7. Bc4 Bg7 8.
d3 O-O 9. Be3 Ng4 10. Nf3 Nxe3 11. fxe3 Qb6 12. Nd1 Nc5 13. Qc2 Bg4 14. d4 Ne4
15. O-O Rac8 16. b3 Nd6 17. Nb2 Nf5 18. Na4 Qa5 19. Qd2 Qxd2 20. Nxd2 Nxe3 21.
Rf4 Bd7 22. Nc5 Rxc5 23. Re1 Bxd4 24. Rxd4 Nc2 25. Rxe7 Nxd4 26. Rxd7 b5 27.
Ne4 Rcc8 28. Bd3 f5 29. Ng5 h6 30. Ne6 Nxe6 31. dxe6 a6 32. a4 bxa4 33. bxa4 a5
34. e7 Rfe8 35. g4 Kf7 36. gxf5 gxf5 37. Bxf5 Rc1+ 38. Kg2 Rxe7 39. Rd5 Ra7 40.
Bd7 Rcc7 41. Bb5 Re7 42. Kg3 Kf6 43. h4 Re5 44. Rd6+ Re6 45. Rd5 Rae7 46. Kg4
Re5 47. Rd6+ R7e6 1/2-1/2

[Event "Mechanics' Peter Grey TNM; G/2 d5"]
[Site "San Francisco"]
[Date "2017.10.03"]
[Round "9.13"]
[White "Argo, Guy"]
[Black "Sherwood, Peter"]
[Result "1-0"]
[WhiteElo "1969"]
[BlackElo "1659"]
[Annotator "Sherwood"]
[PlyCount "59"]
[EventDate "2017.??.??"]

1. e4 c5 2. Nc3 Nc6 3. f4 g6 4. Nf3 Bg7 5. Bb5 Nd4 6. Nxd4 cxd4 7. Ne2 Qb6 8.
a4 e6 9. d3 Ne7 10. O-O O-O 11. e5 d6 12. exd6 Qxd6 13. b3 Qd8 14. Ba3 Bd7 15.
Bc4 a6 16. a5 Re8 17. Bc5 Nc6 (17... Nf5 18. Qd2 (18. Bb6 Qh4 19. Qe1 Qxe1 20.
Raxe1) 18... Bc6 19. Bb6 Qe7 20. Rf2) 18. b4 Rc8 19. g4 Qh4 (19... e5 $5 20.
Ng3 (20. fxe5 Nxe5 $19) 20... exf4 21. Rxf4 Ne5 22. Qf1 Nxc4 23. dxc4 Bh6 $1
24. Rxf7 Be3+ 25. Kg2 Bc6+ 26. Kh3 Qg5 $19) 20. Ng3 Bf8 $6 21. Ne4 Bxc5 $6 22.
bxc5 Rc7 23. g5 Kg7 24. Nf6 Rd8 25. Qf3 Ne7 26. Qe4 Bc6 $2 27. Qe5 Rcc8 28.
Nh5+ Kf8 29. Qg7+ Ke8 30. Nf6# 1-0

[Event "Mechanics' Winter TNM; G/2"]
[Site "San Francisco"]
[Date "2017.01.31"]
[Round "5.7"]
[White "Argo, Guy"]
[Black "Tracy, Joseph J"]
[Result "1-0"]
[WhiteElo "1974"]
[BlackElo "2163"]
[Annotator "Donaldson"]
[PlyCount "55"]
[EventDate "2017.??.??"]

1. e4 e6 2. d4 d5 3. e5 Bd7 4. Nf3 c5 5. c3 Qb6 6. Be2 Bb5 7. c4 Bxc4 8. Bxc4
dxc4 9. d5 exd5 10. Qxd5 Ne7 11. Qxc4 Ng6 $6 (11... Qb4+ $11) 12. Nc3 Be7 13.
Nd5 Qc6 14. Be3 Nd7 15. Nxe7 Nxe7 16. Rd1 O-O 17. O-O Ng6 18. Qd5 Rfd8 19. Qxc6
bxc6 20. Bg5 f6 21. exf6 gxf6 22. Be3 Kf7 23. Rd6 Ke7 24. Rxc6 Rab8 25. b3 Rb5
26. Rc1 Ngf8 27. Nh4 Ne6 28. Nf5+ 1-0

[Event "Mechanics' Spring TNM; G/2"]
[Site "San Francisco"]
[Date "2017.04.11"]
[Round "5.14"]
[White "Argo, Guy"]
[Black "Warton, Philip"]
[Result "0-1"]
[WhiteElo "1974"]
[BlackElo "1799"]
[Annotator "Donaldson"]
[PlyCount "92"]
[EventDate "2017.??.??"]

1. e4 c5 2. Nc3 d6 3. f4 e6 4. Nf3 Nf6 5. d3 Nc6 6. Be2 Nd4 7. O-O Nxe2+ 8.
Qxe2 Be7 9. e5 dxe5 10. fxe5 Nd5 11. Bd2 O-O 12. Rae1 Nb4 13. Bc1 Nc6 14. Kh1
b5 15. Nxb5 Bb7 16. c3 (16. Qe4 {with the idea of Qg4 attacking the king.})
16... a6 17. Na3 Kh8 18. Nc4 Na5 19. Ne3 Bh4 20. Nxh4 Qxh4 21. Qg4 Qd8 22. Rd1
Qc7 23. Qh5 Nc6 24. Nc4 Ne7 25. Rxf7 Rxf7 26. Qxf7 Qc6 27. Ne3 Nf5 28. Rg1 Nh6
29. Qf2 Qe8 30. Rf1 Qg6 31. Nc4 Nf5 32. Nd6 Rf8 33. Kg1 (33. Nxb7 Ng3+ 34. hxg3
Rxf2 35. Rxf2 {is also winning.}) 33... Bd5 34. Be3 h6 35. Bxc5 Kh7 36. Ne4 Rb8
37. b4 Rc8 38. c4 Bc6 39. h3 Bxe4 40. dxe4 Ng3 41. Re1 Nxe4 42. Qe3 Nxc5 43.
bxc5 Qc2 44. Qb3 Qd2 45. Qb1+ Kg8 46. Kh1 Rxc5 {White blundered in a few moves
and lost, likely because of time pressure. Remaining moves unavailable.} 0-1

[Event "Mechanics' Fall TNM; G/2 d5"]
[Site "San Francisco"]
[Date "2017.11.28"]
[Round "6.19"]
[White "Ash, Richard"]
[Black "Krasnov, Steven"]
[Result "1-0"]
[WhiteElo "1758"]
[BlackElo "1970"]
[PlyCount "91"]
[EventDate "2017.??.??"]

1. e4 c5 2. Nf3 d6 3. d4 cxd4 4. Nxd4 Nf6 5. Nc3 a6 6. a4 g6 7. Bc4 Bg7 8. O-O
Bd7 9. Bb3 Nc6 10. Nxc6 bxc6 11. h3 O-O 12. Qd3 a5 13. Be3 Qc7 14. Rab1 Rfb8
15. g4 h5 16. f3 d5 17. Kg2 e6 18. Bf2 Rd8 19. Bg3 Qb7 20. Bh4 Qc7 21. Bg3 Qb6
22. Bf2 Qb4 23. Na2 dxe4 24. Nxb4 exd3 25. Nxd3 hxg4 26. hxg4 Nd5 27. Bc5 Bc8
28. Bc4 Ba6 29. Bxa6 Rxa6 30. b3 Raa8 31. Rh1 Nc3 32. Rbe1 Rd5 33. Rh3 Re8 34.
Reh1 Ne2 35. Kf2 Nc3 36. Ke3 Red8 37. Rh7 Nd1+ 38. Ke2 Nc3+ 39. Ke3 Bf6 40. f4
R8d7 41. g5 Bg7 42. R7h2 f5 $2 43. gxf6 Bxf6 44. Rh6 Rg7 $2 45. Rh8+ Kf7 46.
Rf8# 1-0

[Event "Mechanics' Fall TNM; G/2 d5"]
[Site "San Francisco"]
[Date "2017.10.24"]
[Round "1.33"]
[White "Ash, Richard D"]
[Black "Badgett Jr, James"]
[Result "1-0"]
[WhiteElo "1758"]
[BlackElo "974"]
[PlyCount "38"]
[EventDate "2017.??.??"]

1. e4 c5 2. Nf3 d6 3. d4 g6 4. Nc3 Bg7 5. Bc4 e6 6. O-O Nd7 7. a3 Ngf6 8. e5
Ng4 9. exd6 O-O 10. Ng5 cxd4 11. Nb5 Nge5 12. Bxe6 Nc5 13. Ba2 Kh8 14. Nxd4
Qxd6 15. c3 Re8 16. Bxf7 Nxf7 17. Nxf7+ Kg8 18. Nxd6 Bg4 19. Qxg4 Re4 1-0

[Event "Mechanics' Fall TNM; G/2 d5"]
[Site "San Francisco"]
[Date "2017.11.21"]
[Round "5.30"]
[White "Ash, Richard D"]
[Black "Cunningham, Charles"]
[Result "1-0"]
[WhiteElo "1758"]
[BlackElo "1381"]
[Annotator "Donaldson"]
[PlyCount "69"]
[EventDate "2017.??.??"]

1. e4 e5 2. Nf3 d6 3. d4 Bg4 4. Be2 (4. dxe5 $1 Bxf3 5. Qxf3 dxe5 6. Bc4) 4...
Bxf3 5. Bxf3 exd4 6. Qxd4 Nc6 7. Qd1 Qe7 8. Nc3 Nf6 9. O-O h6 10. Re1 Ne5 11.
Nd5 Nxd5 12. exd5 O-O-O 13. Bg4+ Kb8 14. f4 h5 15. Bh3 g5 16. fxe5 g4 17. Bxg4
hxg4 18. Qxg4 dxe5 19. Qe4 f6 20. a3 Qc5+ 21. Be3 Qb5 (21... Qxd5) 22. b4 Bh6
23. c4 Bxe3+ 24. Rxe3 Qe8 25. Rf1 Qe7 26. Ref3 Rdf8 27. h3 a5 28. bxa5 Qc5+ 29.
Kh2 Qxa5 30. Rxf6 Qxa3 31. Rxf8+ Rxf8 32. Rxf8+ Qxf8 33. Qxe5 Qd6 34. Qxd6 cxd6
35. h4 1-0

[Event "Mechanics' Fall TNM; G/2 d5"]
[Site "San Francisco"]
[Date "2017.11.07"]
[Round "3.29"]
[White "Ash, Richard D"]
[Black "Erdenebileg, Matthew Erkhes"]
[Result "1/2-1/2"]
[WhiteElo "1758"]
[BlackElo "1481"]
[PlyCount "66"]
[EventDate "2017.??.??"]

1. e4 e5 2. Nf3 Nc6 3. Bc4 Bc5 4. c3 Nf6 5. d3 h6 6. O-O d6 7. h3 O-O 8. Nbd2
Be6 9. Re1 Re8 10. Bxe6 fxe6 11. Nb3 Bb6 12. d4 exd4 13. cxd4 d5 14. e5 Nd7 15.
Bd2 Qe7 16. Qc2 Rf8 17. Rac1 a6 18. Nc5 Bxc5 19. dxc5 Rab8 20. b4 Qf7 21. b5
axb5 22. Qb3 Ndxe5 23. Nxe5 Qxf2+ 24. Kh1 Nxe5 25. Bxh6 gxh6 26. Rxe5 Qf4 27.
Rce1 c6 28. Rxe6 Kh7 29. Re7+ Rf7 30. Qd3+ Kg7 31. Rf1 Qxf1+ 32. Qxf1 Rxe7 33.
Qf4 Rf8 1/2-1/2

[Event "Mechanics' Fall TNM; G/2 d5"]
[Site "San Francisco"]
[Date "2017.12.19"]
[Round "9.24"]
[White "Ash, Richard D"]
[Black "Touset, Stephen Ka"]
[Result "1-0"]
[WhiteElo "1758"]
[BlackElo "1566"]
[Annotator "Donaldson"]
[PlyCount "111"]
[EventDate "2017.??.??"]

1. e4 d6 2. d4 Nf6 3. Nc3 e5 4. dxe5 dxe5 5. Qxd8+ Kxd8 6. Bc4 Be6 7. Bxe6 fxe6
8. Bg5 Bd6 9. Nf3 Nbd7 10. O-O a6 11. Rad1 Ke7 12. Rfe1 h6 13. Bc1 g5 14. h3
Rag8 15. Nh2 g4 16. hxg4 Nxg4 17. Nxg4 Rxg4 18. Re3 Bc5 19. Rh3 Rhg8 20. Rh2 h5
21. Rd3 Nf6 22. Be3 Bd6 23. f3 R4g7 24. a3 h4 25. Rd2 Rh7 26. Rh3 Rg3 27. Kh2
Rhg7 28. Rxh4 Ng4+ 29. Rxg4 (29. Kxg3 Nxe3+ 30. Kf2 Bc5 31. Ke2 Nxg2 32. Rh1
Be3 33. Rd3 Bd4 34. Kd1 Nf4 35. Rd2 {
and Black doesn't have quite enough for the exchange.}) 29... R7xg4 30. Bf2 $2
(30. fxg4 Rxe3 31. Re2 Bc5 32. Rxe3 Bxe3 33. Nd1 Bc1 34. a4 {
followed by b3 with a slight edge For White in the ending.}) 30... Rxg2+ 31.
Kh3 $4 {Diagram [#]} (31. Kh1) 31... Rg8 $2 (31... R4g3+ 32. Bxg3 Rxd2 $19) 32.
Bh4+ R2g5 33. Rg2 Kf6 34. Nd1 Be7 35. Ne3 Kf7 36. Bxg5 Rxg5 37. Rg4 b5 38. c4
c6 39. cxb5 axb5 40. Kg3 Rxg4+ 41. Nxg4 Bd6 42. b3 Ke7 43. a4 bxa4 44. bxa4 Bc7
45. Kf2 Kd6 46. Nf6 Kc5 47. Ne8 Bb6 48. Ke2 Kc4 49. Ng7 Kb4 50. Kd3 Kxa4 51.
Kc4 Bf2 52. Nxe6 Ka5 $2 (52... Ka3) 53. Nc5 $1 Bg3 54. Nd7 Ka6 55. Kc5 Kb7 56.
Kd6 1-0

[Event "Mechanics' Fall TNM; G/2 d5"]
[Site "San Francisco"]
[Date "2017.10.24"]
[Round "1.15"]
[White "Askin, David"]
[Black "Marquez, Martin"]
[Result "1-0"]
[WhiteElo "1977"]
[BlackElo "1510"]
[PlyCount "115"]
[EventDate "2017.??.??"]

1. d4 e5 2. dxe5 Nc6 3. Nf3 Qe7 4. Nc3 Nxe5 5. e4 Nf6 6. Be2 c6 7. O-O g6 8.
Nd4 d6 9. f4 Ned7 10. Bf3 Bg7 11. Re1 O-O 12. Be3 Re8 13. Bf2 Bh6 14. Bg3 Nb6
15. Nb3 Nfd7 16. a4 Qf6 17. Qd4 Qxd4+ 18. Nxd4 Bg7 19. Nde2 Nc4 20. b3 Nd2 21.
Rad1 Nxf3+ 22. gxf3 Bf8 23. Bh4 Kg7 24. Ng3 f6 25. Nf1 Nc5 26. Ne3 Be6 27. Rd2
Bf7 28. Bg3 Rad8 29. f5 Na6 30. Red1 d5 31. fxg6 hxg6 32. Ng4 Bb4 33. Rd3 Nc5
34. e5 Nxd3 35. exf6+ Kh7 36. Rxd3 Bc5+ 37. Kg2 Bd6 38. Bh4 Bf4 39. Kf2 g5 40.
Ne2 gxh4 41. Nxf4 Bg6 42. Rd2 Bf5 43. Ne3 Bc8 44. Neg2 Rf8 45. Nh5 Kg6 46.
Ngf4+ Kg5 47. Re2 Rde8 48. Rd2 Rh8 49. c4 Rxh5 50. Nxh5 Kxh5 51. cxd5 cxd5 52.
Rxd5+ Kg6 53. Rd6 Re6 54. Rd8 Rc6 55. h3 b6 56. b4 Kxf6 57. b5 Rc2+ 58. Ke3 {
Both sides were now low on time and White eventually won, although Black of
course is winning at this point. The remaining moves are unavailable.} 1-0

[Event "Mechanics' Fall TNM; G/2 d5"]
[Site "San Francisco"]
[Date "2017.11.14"]
[Round "4.22"]
[White "Askin, David"]
[Black "Simpkins, Jerry"]
[Result "1-0"]
[WhiteElo "1977"]
[BlackElo "1548"]
[PlyCount "53"]
[EventDate "2017.??.??"]

1. d4 d5 2. Nf3 e6 3. c4 Nf6 4. Nc3 c6 5. e3 Bd6 6. Bd3 Nbd7 7. O-O O-O 8. e4
dxe4 9. Nxe4 Nxe4 10. Bxe4 f5 11. Bc2 Nf6 12. b3 b6 13. Qe2 Qe8 14. Bb2 Qh5 15.
Rfe1 Ng4 16. h3 Rf6 17. d5 e5 18. Nxe5 Bxe5 19. Bxe5 Rh6 20. Bf4 g5 21. Bxg5
Qxg5 22. Qe8+ Kg7 23. Re7+ Qxe7 24. Qxe7+ Kg8 25. hxg4 cxd5 26. Qd8+ Kf7 27.
Qxd5+ 1-0

[Event "Mechanics' Fall TNM; G/2 d5"]
[Site "San Francisco"]
[Date "2017.12.19"]
[Round "9.9"]
[White "Askin, David"]
[Black "Vickers, Keith"]
[Result "1/2-1/2"]
[WhiteElo "1977"]
[BlackElo "2200"]
[PlyCount "29"]
[EventDate "2017.??.??"]

1. d4 d5 2. Nf3 Nc6 3. Bf4 Bg4 4. e3 e6 5. Be2 Bd6 6. O-O Bxf4 7. exf4 Bxf3 8.
Bxf3 Qf6 9. c4 Nge7 10. cxd5 exd5 11. Nc3 O-O-O (11... Nxd4) 12. Ne2 Nf5 13.
Nc3 Nfe7 14. Ne2 Nf5 15. Nc3 1/2-1/2

[Event "Mechanics' Fall TNM; G/2 d5"]
[Site "San Francisco"]
[Date "2017.11.28"]
[Round "6.9"]
[White "Askin, David"]
[Black "Wonsever, James"]
[Result "1-0"]
[WhiteElo "1977"]
[BlackElo "1812"]
[Annotator "Donaldson"]
[PlyCount "39"]
[EventDate "2017.??.??"]

1. d4 d5 2. Nf3 Nf6 3. c4 c6 4. Nc3 e6 5. e3 Bd6 6. Bd3 dxc4 7. Bxc4 Nbd7 8.
O-O O-O 9. e4 e5 10. Bg5 h6 11. Bh4 Qc7 12. Rc1 exd4 13. Qxd4 Ng4 14. Bg3 Bxg3
15. hxg3 Nde5 16. Nxe5 Qxe5 17. Qxe5 Nxe5 18. Be2 Be6 $2 (18... f6 19. f4 Nf7)
19. f4 Bg4 $2 (19... Ng4 20. f5 Bc4 21. Bxc4 Ne3 {was the only try.}) 20. fxe5
1-0

[Event "Mechanics' Fall TNM; G/2 d5"]
[Site "San Francisco"]
[Date "2017.10.24"]
[Round "1.13"]
[White "Askin, Michael"]
[Black "Erickson, Lane"]
[Result "1-0"]
[WhiteElo "1992"]
[BlackElo "1547"]
[PlyCount "83"]
[EventDate "2017.??.??"]

1. d4 Nf6 2. c4 c5 3. Nf3 cxd4 4. Nxd4 Nc6 5. g3 g6 6. Bg2 Bg7 7. Nc3 Qb6 8.
Nb3 d6 9. O-O Qb4 10. Nd5 Nxd5 11. cxd5 Nd4 12. Bd2 Qc4 13. e3 Ne2+ 14. Kh1
Bxb2 15. Re1 Bxa1 16. Qxa1 O-O 17. Qd1 Nxg3+ 18. hxg3 b6 19. Qa1 Bb7 20. e4 e5
21. dxe6 fxe6 22. Bh6 Rf7 23. f4 Qb5 24. Bf3 e5 25. Qd1 Qb4 26. Qe2 Re8 27. Nd2
Ba6 28. Qxa6 Qxd2 29. Qe2 Qc3 30. Qe3 Qxe3 31. Rxe3 exf4 32. gxf4 Rc7 33. e5
Rc1+ 34. Kg2 Rc2+ 35. Kg3 Rd2 36. e6 Re7 37. Kg4 Rxa2 38. Kg5 Ra5+ 39. Kf6 Re8
40. Bg4 Rc5 41. e7 Rc7 42. Be6+ 1-0

[Event "Mechanics' Winter TNM; G/2"]
[Site "San Francisco"]
[Date "2017.01.03"]
[Round "1.10"]
[White "Askin, Michael"]
[Black "Hilliard, Michael"]
[Result "1-0"]
[WhiteElo "2081"]
[BlackElo "1465"]
[PlyCount "43"]
[EventDate "2017.??.??"]

1. e4 c6 2. d4 d5 3. e5 Bf5 4. Nf3 h6 5. Bd3 Bxd3 6. Qxd3 e6 7. O-O Nd7 8. Be3
c5 9. Nc3 Qb6 10. dxc5 Bxc5 11. Nb5 Qc6 12. Bxc5 Nxc5 13. Qe2 a6 14. Nd6+ Ke7
15. c4 Nd7 16. cxd5 Qxd5 17. Rfd1 Qc6 18. Rac1 Nc5 19. b4 h5 20. Rxc5 Qa4 21.
Rc7+ Kf8 22. Rxf7# 1-0

[Event "Mechanics' Summer TNM; G/2 d5"]
[Site "San Francisco"]
[Date "2017.06.20"]
[Round "5.21"]
[White "Askin, Michael"]
[Black "James, Charles"]
[Result "1-0"]
[WhiteElo "2072"]
[BlackElo "1417"]
[PlyCount "39"]
[EventDate "2017.??.??"]

1. d4 d5 2. c4 c6 3. Nf3 dxc4 4. a4 Nf6 5. Nc3 Bf5 6. Ne5 e6 7. f3 Nbd7 8. Nxc4
Nd5 9. e4 Nxc3 10. bxc3 Bg6 11. Be3 Be7 12. Qb3 Qc7 13. g3 O-O 14. Bf4 e5 15.
Nxe5 Nxe5 16. Bxe5 Qd7 17. h4 Kh8 18. h5 f6 19. hxg6 h6 20. Bf4 1-0

[Event "Mechanics' Fall TNM; G/2 d5"]
[Site "San Francisco"]
[Date "2017.12.05"]
[Round "7.3"]
[White "Askin, Michael"]
[Black "Perepelitsky, Phil"]
[Result "0-1"]
[WhiteElo "1992"]
[BlackElo "2147"]
[PlyCount "80"]
[EventDate "2017.??.??"]

1. e4 d6 2. d4 Nf6 3. Nc3 g6 4. Be3 c6 5. Nf3 b5 6. e5 b4 7. exf6 bxc3 8. fxe7
Bxe7 9. bxc3 Qa5 10. Qd2 Bf5 11. Bh6 Nd7 12. Bd3 Bg4 13. Be2 Rb8 14. O-O Rb2
15. Rfe1 Rxa2 16. Rxa2 Qxa2 17. Ng5 Be6 18. Nxe6 fxe6 19. Bg4 e5 20. Be6 $4 (
20. dxe5 $18) 20... Qxe6 21. f4 e4 22. c4 d5 23. cxd5 cxd5 24. c4 Nb6 25. c5
Nc4 26. Qb4 Kf7 27. Qb7 Rd8 28. Bg5 Kf8 29. Qxa7 Bxg5 30. fxg5 Kg8 31. h3 e3
32. Qa2 Qe4 33. Qa4 e2 34. Kh1 Qxd4 35. Kh2 Qe5+ 36. Kg1 Qe3+ 37. Kh2 Rf8 38.
Qa1 Nd2 39. c6 Nf1+ 40. Kh1 Qg3 0-1